Information Processing & Management <An> International Journal
Gespeichert in:
| Format: | Schriftenreihe |
|---|---|
| Sprache: | Englisch |
| Veröffentlicht: |
Oxford
Elsevier
|
| Schlagworte: | |
| Tags: |
Keine Tags, Fügen Sie das erste Tag hinzu!
|
MARC
| LEADER | 00000nas1a2200000 4500 | ||
|---|---|---|---|
| 001 | 0193862 | ||
| 005 | 20250701092102.3 | ||
| 022 | |a 0306-4573 | ||
| 022 | |a 1873-5371 | ||
| 041 | 0 | |a eng | |
| 044 | |a US | ||
| 245 | 1 | 0 | |a Information Processing & Management |b <An> International Journal |
| 264 | 1 | |a Oxford |b Elsevier | |
| 610 | 2 | 0 | |a informatika |
| 610 | 2 | 0 | |a proces informačný |
| 610 | 2 | 0 | |a distribúcia informácií |
| 610 | 2 | 0 | |a manažment |
| 610 | 2 | 0 | |a výskum |